{"text_format":"3","workbook":"xlsx","n_sheets":1,"sheets":["Worksheet"],"read":"whole","date_system":"1900"}

{"sheet":"Worksheet","index":0,"n_rows":52,"n_cols":19,"rows_kept":52}
["№","Код участника","Название ОУ","СНИЛС","Фамилия","Имя","Отчество","Пол","Дата рождения","Участник с ОВЗ","Класс","Класс участия","Балл","Макс. балл","Статус","Призер МЭ прошлого года","Учитель","Место работы учителя","Предмет"]
[366015,"184018_16791989142_29","МБОУ \"Смак-Корсинская СОШ\"",16791989142,"Мирзакасимов","Жасурбек","Дилшадбекович","м","01.07.2011","нет",5,5,11,30,null,null,"Гибадуллина Гулия Марсиловна",null,"Родная (татарская) литература для обучающихся школ с татарским языком обучения"]
[366016,"184018_19039578908_29","МБОУ \"Смак-Корсинская СОШ\"",19039578908,"Мирзакасимов","МухаммадАзиз","Дилшадович","м","04.06.2012","нет",5,5,13,30,null,null,"Гибадуллина Гулия Марсиловна",null,"Родная (татарская) литература для обучающихся школ с татарским языком обучения"]
[366017,"184018_17070093746_29","МБОУ \"Смак-Корсинская СОШ\"",17070093746,"Самигуллин","Самат","Айдарович","м","29.02.2012","нет",5,5,15,30,null,null,"Гибадуллина Гулия Марсиловна",null,"Родная (татарская) литература для обучающихся школ с татарским языком обучения"]
[366018,"184018_17487145404_29","МБОУ \"Смак-Корсинская СОШ\"",17487145404,"Хакимулин","Линаз","Ильдарович","м","09.12.2012","нет",5,5,9,30,null,null,"Гибадуллина Гулия Марсиловна",null,"Родная (татарская) литература для обучающихся школ с татарским языком обучения"]
[366019,"184018_17228162662_29","МБОУ \"Смак-Корсинская СОШ\"",17228162662,"Шакиров","Рузаль","Зульфатович","м","24.05.2012","нет",5,5,10,30,null,null,"Гибадуллина Гулия Марсиловна",null,"Родная (татарская) литература для обучающихся школ с татарским языком обучения"]
[366020,"184018_16757011681_29","МБОУ \"Смак-Корсинская СОШ\"",16757011681,"Вафин","Раяз","Вакифович","м","06.07.2011","нет",6,6,18,36,null,null,"Гибадуллина Гулия Марсиловна",null,"Родная (татарская) литература для обучающихся школ с татарским языком обучения"]
[366021,"184018_16872193404_29","МБОУ \"Смак-Корсинская СОШ\"",16872193404,"Гайнутдинов","Самат","Накипович","м","16.08.2011","нет",6,6,11,36,null,null,"Гибадуллина Гулия Марсиловна",null,"Родная (татарская) литература для обучающихся школ с татарским языком обучения"]
[366022,"184018_16845527404_29","МБОУ \"Смак-Корсинская СОШ\"",16845527404,"Гиззатуллина","Камиля","Раилевна","ж","25.09.2011","нет",6,6,9,36,null,null,"Гибадуллина Гулия Марсиловна",null,"Родная (татарская) литература для обучающихся школ с татарским языком обучения"]
[366023,"184018_17085713781_29","МБОУ \"Смак-Корсинская СОШ\"",17085713781,"Исламов","Марат","Мавлетович","м","05.03.2012","нет",6,6,14,36,null,null,"Гибадуллина Гулия Марсиловна",null,"Родная (татарская) литература для обучающихся школ с татарским языком обучения"]
[366024,"184018_16757011479_29","МБОУ \"Смак-Корсинская СОШ\"",16757011479,"Нурисламов","Ранис","Расимович","м","26.07.2011","нет",6,6,12,36,null,null,"Гибадуллина Гулия Марсиловна",null,"Родная (татарская) литература для обучающихся школ с татарским языком обучения"]
[366025,"184018_17179531695_29","МБОУ \"Смак-Корсинская СОШ\"",17179531695,"Райкова","Маша","Шукуржоновна","ж","24.04.2012","нет",6,6,6,36,null,null,"Гибадуллина Гулия Марсиловна",null,"Родная (татарская) литература для обучающихся школ с татарским языком обучения"]
[366026,"184018_16769821227_29","МБОУ \"Смак-Корсинская СОШ\"",16769821227,"Рахимов","Самир","Изатуллович","м","12.07.2011","нет",6,6,9,36,null,null,"Гибадуллина Гулия Марсиловна",null,"Родная (татарская) литература для обучающихся школ с татарским языком обучения"]
[366027,"184018_16447094583_29","МБОУ \"Смак-Корсинская СОШ\"",16447094583,"Шакирова","Ралина","Ренатовна","ж","11.03.2011","нет",6,6,18,36,null,null,"Гибадуллина Гулия Марсиловна",null,"Родная (татарская) литература для обучающихся школ с татарским языком обучения"]
[366028,"184018_16717637194_29","МБОУ \"Смак-Корсинская СОШ\"",16717637194,"Шаймуллина","Галия","Булатовна","ж","22.06.2011","нет",6,6,11,36,null,null,"Гибадуллина Гулия Марсиловна",null,"Родная (татарская) литература для обучающихся школ с татарским языком обучения"]
[366029,"184018_16641986604_29","МБОУ \"Смак-Корсинская СОШ\"",16641986604,"Шарафутдинов","Айдан","Динарович","м","25.05.2011","нет",6,6,9,36,null,null,"Гибадуллина Гулия Марсиловна",null,"Родная (татарская) литература для обучающихся школ с татарским языком обучения"]
[366030,"184018_15813063251_29","МБОУ \"Смак-Корсинская СОШ\"",15813063251,"Ахмадеев","Данир","Маратович","м","20.03.2010","нет",7,7,20,36,"победитель",null,"Шакирова Лейсан Харисовна",null,"Родная (татарская) литература для обучающихся школ с татарским языком обучения"]
[366031,"184018_15730405203_29","МБОУ \"Смак-Корсинская СОШ\"",15730405203,"Галяутдинов","Инсаф","Ильнарович","м","19.01.2010","нет",7,7,19,36,null,null,"Шакирова Лейсан Харисовна",null,"Родная (татарская) литература для обучающихся школ с татарским языком обучения"]
[366032,"184018_03819862791_29","МБОУ \"Смак-Корсинская СОШ\"","03819862791","Гаптельбарова","Гульназ","Раисовна","ж","18.01.2010","нет",7,7,10,36,null,null,"Шакирова Лейсан Харисовна",null,"Родная (татарская) литература для обучающихся школ с татарским языком обучения"]
[366033,"184018_16442410131_29","МБОУ \"Смак-Корсинская СОШ\"",16442410131,"Гасимуллина","Эндже","Альбертовна","ж","29.10.2010","нет",7,7,17,36,null,null,"Шакирова Лейсан Харисовна",null,"Родная (татарская) литература для обучающихся школ с татарским языком обучения"]
[366034,"184018_16198359203_29","МБОУ \"Смак-Корсинская СОШ\"",16198359203,"Гиниатуллина","Карима","Ильназовна","ж","24.08.2010","нет",7,7,8,36,null,null,"Шакирова Лейсан Харисовна",null,"Родная (татарская) литература для обучающихся школ с татарским языком обучения"]
[366035,"184018_15724959804_29","МБОУ \"Смак-Корсинская СОШ\"",15724959804,"Мингазова","Гайша","Айдаровна","ж","14.01.2010","нет",7,7,7,36,null,null,"Шакирова Лейсан Харисовна",null,"Родная (татарская) литература для обучающихся школ с татарским языком обучения"]
[366036,"184018_15724959704_29","МБОУ \"Смак-Корсинская СОШ\"",15724959704,"Мингазова","Марьям","Айдаровна","ж","14.01.2010","нет",7,7,11,36,null,null,"Шакирова Лейсан Харисовна",null,"Родная (татарская) литература для обучающихся школ с татарским языком обучения"]
[366037,"184018_16278735604_29","МБОУ \"Смак-Корсинская СОШ\"",16278735604,"Райков","Артур","Шукуржонович","м","06.10.2010","нет",7,7,6,36,null,null,"Шакирова Лейсан Харисовна",null,"Родная (татарская) литература для обучающихся школ с татарским языком обучения"]
[366038,"184018_16167872900_29","МБОУ \"Смак-Корсинская СОШ\"",16167872900,"Рахимов","Камиль","Данилович","м","06.08.2010","нет",7,7,13,36,null,null,"Шакирова Лейсан Харисовна",null,"Родная (татарская) литература для обучающихся школ с татарским языком обучения"]
[366039,"184018_17386002067_29","МБОУ \"Смак-Корсинская СОШ\"",17386002067,"Сиризитдинов","Рамиль","Айратович","м","21.09.2010","нет",7,7,6,36,null,null,"Шакирова Лейсан Харисовна",null,"Родная (татарская) литература для обучающихся школ с татарским языком обучения"]
[366040,"184018_16242351033_29","МБОУ \"Смак-Корсинская СОШ\"",16242351033,"Трефилов","Артур","Петрович","м","18.09.2010","нет",7,7,5,36,null,null,"Шакирова Лейсан Харисовна",null,"Родная (татарская) литература для обучающихся школ с татарским языком обучения"]
[366041,"184018_15367475895_29","МБОУ \"Смак-Корсинская СОШ\"",15367475895,"Абдуллина","Наиля","Накиповна","ж","11.02.2009","нет",8,8,18,36,null,null,"Шакирова Лейсан Харисовна",null,"Родная (татарская) литература для обучающихся школ с татарским языком обучения"]
[366042,"184018_15465300756_29","МБОУ \"Смак-Корсинская СОШ\"",15465300756,"Ахметханов","Карим","Фанисович","м","04.05.2009","нет",8,8,16,36,null,null,"Шакирова Лейсан Харисовна",null,"Родная (татарская) литература для обучающихся школ с татарским языком обучения"]
[366043,"184018_15168016147_29","МБОУ \"Смак-Корсинская СОШ\"",15168016147,"Бакирова","Инзиля","Маратовна","ж","28.07.2008","нет",8,8,24,36,null,null,"Шакирова Лейсан Харисовна",null,"Родная (татарская) литература для обучающихся школ с татарским языком обучения"]
[366044,"184018_15329865187_29","МБОУ \"Смак-Корсинская СОШ\"",15329865187,"Галяутдинов","Ислам","Ильнарович","м","04.01.2009","нет",8,8,27,36,"призер",null,"Шакирова Лейсан Харисовна",null,"Родная (татарская) литература для обучающихся школ с татарским языком обучения"]
[366045,"184018_17386001974_29","МБОУ \"Смак-Корсинская СОШ\"",17386001974,"Сиризитдинова","Карина","Михайловна","ж","22.12.2008","нет",8,8,7,36,null,null,"Шакирова Лейсан Харисовна",null,"Родная (татарская) литература для обучающихся школ с татарским языком обучения"]
[366046,"184018_15641140035_29","МБОУ \"Смак-Корсинская СОШ\"",15641140035,"Фасхиев","Салават","Ралифович","м","27.10.2009","нет",8,8,11,36,null,null,"Шакирова Лейсан Харисовна",null,"Родная (татарская) литература для обучающихся школ с татарским языком обучения"]
[366047,"184018_15367476291_29","МБОУ \"Смак-Корсинская СОШ\"",15367476291,"Хаирова","Зухра","Радифовна","ж","03.02.2009","нет",8,8,25,36,null,null,"Шакирова Лейсан Харисовна",null,"Родная (татарская) литература для обучающихся школ с татарским языком обучения"]
[366048,"184018_15441783467_29","МБОУ \"Смак-Корсинская СОШ\"",15441783467,"Шаймарданова","Зарина","Азатовна","ж","22.04.2009","нет",8,8,17,36,null,null,"Шакирова Лейсан Харисовна",null,"Родная (татарская) литература для обучающихся школ с татарским языком обучения"]
[366049,"184018_15422828658_29","МБОУ \"Смак-Корсинская СОШ\"",15422828658,"Шакирова","Ильвина","Ренатовна","ж","28.03.2009","нет",8,8,30,36,"победитель","Да","Шакирова Лейсан Харисовна",null,"Родная (татарская) литература для обучающихся школ с татарским языком обучения"]
[366050,"184018_14917713687_29","МБОУ \"Смак-Корсинская СОШ\"",14917713687,"Ахмадеева","Гузель","Маратовна","ж","16.01.2008","нет",9,9,29,40,null,null,"Гибадуллина Гулия Марсиловна",null,"Родная (татарская) литература для обучающихся школ с татарским языком обучения"]
[366051,"184018_15412032005_29","МБОУ \"Смак-Корсинская СОШ\"",15412032005,"Гиниятуллина","Назира","Ильназовна","ж","07.03.2009","нет",9,9,10,40,null,null,"Гибадуллина Гулия Марсиловна",null,"Родная (татарская) литература для обучающихся школ с татарским языком обучения"]
[366052,"184018_15155040325_29","МБОУ \"Смак-Корсинская СОШ\"",15155040325,"Мингазов","Роберт","Ильнурович","м","12.06.2008","нет",9,9,6,40,null,null,"Гибадуллина Гулия Марсиловна",null,"Родная (татарская) литература для обучающихся школ с татарским языком обучения"]
[366053,"184018_15196717286_29","МБОУ \"Смак-Корсинская СОШ\"",15196717286,"Рахимова","Азалия","Изатулловна","ж","02.09.2008","нет",9,9,29,40,null,null,"Гибадуллина Гулия Марсиловна",null,"Родная (татарская) литература для обучающихся школ с татарским языком обучения"]
[366054,"184018_15259597704_29","МБОУ \"Смак-Корсинская СОШ\"",15259597704,"Хакимова","Разина","Ришатовна","ж","24.10.2008","нет",9,9,32,40,null,null,"Гибадуллина Гулия Марсиловна",null,"Родная (татарская) литература для обучающихся школ с татарским языком обучения"]
[366055,"184018_15235465049_29","МБОУ \"Смак-Корсинская СОШ\"",15235465049,"Хусаинова","Илюза","Ильнуровна","ж","15.10.2008","нет",9,9,7,40,null,null,"Гибадуллина Гулия Марсиловна",null,"Родная (татарская) литература для обучающихся школ с татарским языком обучения"]
[366056,"184018_15415017226_29","МБОУ \"Смак-Корсинская СОШ\"",15415017226,"Шаймуллина","Талия","Булатовна","ж","08.03.2009","нет",9,9,6,40,null,null,"Гибадуллина Гулия Марсиловна",null,"Родная (татарская) литература для обучающихся школ с татарским языком обучения"]
[366057,"184018_15167499592_29","МБОУ \"Смак-Корсинская СОШ\"",15167499592,"Яббаров","Раниль","Фаилевич","м","06.07.2008","нет",9,9,8,40,null,null,"Гибадуллина Гулия Марсиловна",null,"Родная (татарская) литература для обучающихся школ с татарским языком обучения"]
[366058,"184018_14883304180_29","МБОУ \"Смак-Корсинская СОШ\"",14883304180,"Исмагилов","Нафкат","Ринатович","м","19.12.2007","нет",10,10,28,40,null,null,"Шакирова Лейсан Харисовна",null,"Родная (татарская) литература для обучающихся школ с татарским языком обучения"]
[366059,"184018_14624322440_29","МБОУ \"Смак-Корсинская СОШ\"",14624322440,"Камалова","Ляйсан","Исламовна","ж","27.04.2007","нет",10,10,31,40,null,null,"Шакирова Лейсан Харисовна",null,"Родная (татарская) литература для обучающихся школ с татарским языком обучения"]
[366060,"184018_14874068597_29","МБОУ \"Смак-Корсинская СОШ\"",14874068597,"Фатыхов","Фангиз","Фидаилевич","м","15.12.2007","нет",10,10,29,40,null,null,"Шакирова Лейсан Харисовна",null,"Родная (татарская) литература для обучающихся школ с татарским языком обучения"]
[366061,"184018_14769350804_29","МБОУ \"Смак-Корсинская СОШ\"",14769350804,"Хуснутдинов","Ислам","Ильгамович","м","20.09.2007","нет",10,10,32,40,"призер",null,"Шакирова Лейсан Харисовна",null,"Родная (татарская) литература для обучающихся школ с татарским языком обучения"]
[366062,"184018_14695239803_29","МБОУ \"Смак-Корсинская СОШ\"",14695239803,"Шамсемухаметова","Илюза","Илгизовна","ж","10.07.2007","нет",10,10,39,40,"победитель","Да","Шакирова Лейсан Харисовна",null,"Родная (татарская) литература для обучающихся школ с татарским языком обучения"]
[366063,"184018_14214972950_29","МБОУ \"Смак-Корсинская СОШ\"",14214972950,"Нигматуллина","Азалия","Ильдаровна","ж","07.06.2006","нет",11,11,15,40,null,null,"Гибадуллина Гулия Марсиловна",null,"Родная (татарская) литература для обучающихся школ с татарским языком обучения"]
[366064,"184018_14266228454_29","МБОУ \"Смак-Корсинская СОШ\"",14266228454,"Султанова","Зарина","Ильфаровна","ж","29.04.2006","нет",11,11,12,40,null,null,"Гибадуллина Гулия Марсиловна",null,"Родная (татарская) литература для обучающихся школ с татарским языком обучения"]
[366065,"184018_14505489563_29","МБОУ \"Смак-Корсинская СОШ\"",14505489563,"Шамсутдинова","Дания","Данилевна","ж","15.02.2006","нет",11,11,14,40,null,null,"Гибадуллина Гулия Марсиловна",null,"Родная (татарская) литература для обучающихся школ с татарским языком обучения"]